000 00735nam a2200241Ia 4500
003 OSt
005 20220923223225.0
006 a|||||r|||| 00| 0
007 ta
008 220922b |||||||| |||| 00| 0 hin d
024 _a212,291
037 _cTextual
040 _aARTS
_cARTS
_bhin
041 _2hin
_ahin
082 _aO152,3N212x, M6
100 _aरेणु, फणीश्वर नाथ
245 0 _aअच्छे आदमी
246 _aAchchhe ādamī
260 _aनई दिल्ली
_b राजकमल प्रका0
_c1986
300 _a211पृ.
_ccm.
942 _hO152,3N212x, M6
_cTEXL
_2CC
999 _c362565
_d362565